000 00340 a2200109 4500
001 ART_14295
005 20260410161915.0
008 260409a
245 1 0 _aEl ciclo del tanino en Argentina
100 1 _aRomero, Luis Alberto
773 0 _tRevista Paraguaya de Sociología
_g- Año 14, Nº 38 (ene./abr. 1977)
_wREV13424
999 _c27170
_d27170